Quizzes
Events
Quiz Creation
Community
Videos
Private Events
Remove Ads
Sign In
Join for FREE
Feedback
Dark Mode
Quiz Categories
Sports
Geography
Music
Movies
Television
Just For Fun
Miscellaneous
History
Literature
Language
Science
Gaming
Entertainment
Religion
Holiday
For Kids
Quiz Lab
Recent
Popular Today
Quiz Kudos Today
Editor Picks
Curator Picks
Quizzes by...
Day
Popularity
Type
Ratings
Length
Year
Community
Subscriptions
Recent Discussions
Orange Saloon
Badges
Playlists
Quests
Create
Leaderboards
Showdown
Live 5
Trivia Bingo
Activity
Puzzle Library
Sporcle Events
Private Events
Virtual Trivia
Globe League
Become a Host
Pub Owners
SporcleCon
Opinionation
Our Games
Videos
Blog
Mobile Apps
Partnerships
Remove Ads and Go Orange
Feedback
Gaming
Video Games
Board Games
Card Games
Pokémon
Mario
Nintendo
Minecraft
Console
Toys
Legend of Zelda
Gaming
Video Games
Board Games
Card Games
Pokémon
Mario
Nintendo
Minecraft
Console
Toys
Legend of Zelda
Random Quiz
Search Sporcle
×
Quiz Lab
Quiz Lab
Gaming
Video Games
Type in answers that appear in a list
Type in answers that appear in a list
Classic
Best Score? Go Orange.
Video Game by Cover (pic) Stats
Can you name the Video Game Cover by Picture?
By
stande
5m
24 Questions
5,038 Plays
5,038 Plays
5,038 Plays
Comments
Comments
Give Quiz Kudos
Give Quiz Kudos
-
- Ratings
hide this ad
Replay
Link that replays current quiz
Next Quiz
Link to next quiz in quiz playlist
You Got
0%
They Got
Avg Score
67%
Avg Friend Score
Upgrade to see
Score Distribution
Jump to the score distribution portion of the page
Score
0/24
Timer
05:00
0
Plays Today
#
Video Game
% Correct
15
Tetris
87.6%
12
Sonic
84.8%
1
Grand Theft Auto Vice City
81.5%
11
Wii Fit
80.6%
4
Halo
79.2%
3
Pacman
78.1%
16
Pokemon Red
76.1%
8
Teenage Mutant Ninja Turtles
76%
2
Call of Duty Modern Warfare 2
71.1%
14
Metroid Prime
70%
5
Fable
69.7%
7
Super Mario Bros
68.3%
#
Video Game
% Correct
23
Goldeneye
67.7%
21
Mortal Kombat 2
67.6%
19
Soul Calibur
65.6%
22
The Legend Of Zelda Ocarina of Time
65.2%
18
Street Fighter 2
61.8%
17
Nintendogs
60.7%
10
Super Smash Bros Melee
58.9%
9
Donkey Kong Country
57.3%
20
Final Fantasy 7
54.2%
6
Gears of War 2
53.3%
24
Mario Kart DS
45.5%
13
Counter Strike
41.2%
Quiz Playlist
Details
Report
Send in Message
Add To Playlist
Classic:
Type in answers that appear in a list
Last Updated: May 5, 2021
Quiz Scoreboard
CHALLENGE
Sign Up to Join the Scoreboard
Show All
Scores
Hide
Comments
May contain spoilers
Recently Published
Decade Duel: World Leaders
by jenniferyan
History
4m
Alphabetical 'K' Countries by Flag Minefield
by ylime102
Geography
3m
Pick 6: Fruits
by JohnFran
Miscellaneous
15s
More to Explore
Quiz From the Vault
Featured Blog Post
15 Basketball Trivia Facts You Can Be March Mad About
hide this ad
You Might Also Like...
Tags
Video Games Quiz
Cover
Image Quiz
Video
Today's Top Quizzes in Gaming
Browse Gaming
hide this ad
Today's Top Quizzes in Video Games
Browse Video Games
Top Contributed Quizzes in Gaming
1
Pokémon Gen IV Logic Puzzle (HARD)
2
HARD Pokemon Logic Puzzle
3
Genshin Impact Logic Puzzle
4
Honkai: Star Rail Technique Names Quiz
5
Rainbow Six Siege Operators by Picture
6
Order Genshin Impact characters by release date!
7
The Slinky Quiz
8
Magic: the Gathering Set Symbols - LCI
9
Mega Man or Metal Gear
10
Honkai Star Rail Feet v1.6
Explore More
Trending Topics
Anime
NBA
Harry Potter
Marvel
Disney
Crossword
Kpop
The Office
Song
Pokémon
Country
NFL
WWE
Puzzle
Soccer
hide this ad
More By:
stande
Quiz
Plays
Rating
Category
Featured
Created
SouthPark Celebrities by Picture
3,213
3.14
Television
Jun 16, 2010
Sports Trophy by Picture
502
2.00
Sports
Jun 16, 2010
24 TV Prime Terrorists
290
3.33
Television
Apr 11, 2010
2010 Canada Men's Olympic Hockey Team
215
3.67
Sports
Apr 11, 2010
24: Presidents of the United States
106
5.00
Television
Apr 11, 2010
Go to Creator's Profile
Score Distribution
Quiz Creator Spotlight
stande
Follow
Send a Message
Quizzes Created
-
Created Quiz Play Count
-
More By This Creator
Popular Quizzes Today
1
Countries of Asia Without Outlines Minefield
2
Find the US States - No Outlines Minefield
3
Pick 6: Fruits
4
The Countries of the World
5
Alphabetical 'K' Countries by Flag Minefield
6
Find the Countries of Europe - No Outlines Minefield
7
US States
8
Find the US States
More Gaming Quizzes
Mario Kart 8 Starting Drivers
Curator's Pick
Trending Quizzes
Pick 6: Mountains
Pick 6: Harry Potter
Pick 6: Flags
Pick 6: NFL Teams
Pick 6: Movie Franchises
Recently Updated
Adaptations: Name the Title
pecheneg
NWSL Teams
pecheneg
Women's Final Four Teams by Year
bhenderson79
Presidents Quartet II
eogle
Anything But Clue(do)
eogle
Anything But Oceanian Capitals
eogle
Anything But 7
eogle
Anything But Thing
eogle
Word Ladder: February 29
pecheneg
Song Title Questions
pecheneg
Trending Topics
Crossword
Harry Potter
NBA
Anime
Disney
Kpop
Marvel
Soccer
NFL
Song
Country
Pokémon
WWE
The Office
Puzzle
Your Account Isn't Verified!
In order to create a playlist on Sporcle, you need to verify the email address you used during registration. Go to your
Sporcle Settings
to finish the process.
Report this User
Report this user for behavior that violates our
Community Guidelines
.
Details:
Send Report
Go to the Sporcle.com Mobile Site →
Comments